Laboratory procedures for veterinary technicians / (Record no. 100296)

MARC details
000 -LEADER
campo de control de longitud fija 01829cam a2200517 a 4500
001 - NÚMERO DE CONTROL
campo de control 91327
005 - FECHA Y HORA DE LA ÚLTIMA TRANSACCIÓN
campo de control 20230410143348.0
008 - DATOS DE LONGITUD FIJA--INFORMACIÓN GENERAL
campo de control de longitud fija 960916s1997 moua bf 001 0 eng
010 ## - NÚMERO DE CONTROL DE LA BIBLIOTECA DEL CONGRESO
Número de control de LC 96043451
035 ## - NÚMERO DE CONTROL DEL SISTEMA
Número de control de sistema (OCoLC)ocm35646467
040 ## - FUENTE DE CATALOGACIÓN
Centro catalogador/agencia de origen DLC
Centro/agencia transcriptor DLC
Centro/agencia modificador C#P
-- AGL
-- CUX
-- NLM
-- MUQ
-- OCLCQ
-- BAKER
-- BTCTA
-- YDXCP
016 7# - NÚMERO DE CONTROL DE UNA AGENCIA BIBLIOGRÁFICA NACIONAL
Número de control del registro 9705180
Fuente DNLM
020 ## - NÚMERO INTERNACIONAL ESTÁNDAR DEL LIBRO
Número Internacional Estándar del Libro 0815173261
020 ## - NÚMERO INTERNACIONAL ESTÁNDAR DEL LIBRO
Número Internacional Estándar del Libro 9780815173267
020 ## - NÚMERO INTERNACIONAL ESTÁNDAR DEL LIBRO
Número Internacional Estándar del Libro 0939674386
020 ## - NÚMERO INTERNACIONAL ESTÁNDAR DEL LIBRO
Número Internacional Estándar del Libro 9780939674381
029 1# - OTRO NÚMERO DE CONTROL DE SISTEMA (OCLC)
Identificador de la biblioteca OCLC NLM
Número de control de sistema 9705180
029 1# - OTRO NÚMERO DE CONTROL DE SISTEMA (OCLC)
Identificador de la biblioteca OCLC YDXCP
Número de control de sistema 1325397
029 1# - OTRO NÚMERO DE CONTROL DE SISTEMA (OCLC)
Identificador de la biblioteca OCLC NZ1
Número de control de sistema 4835193
029 1# - OTRO NÚMERO DE CONTROL DE SISTEMA (OCLC)
Identificador de la biblioteca OCLC AU@
Número de control de sistema 000012819913
029 1# - OTRO NÚMERO DE CONTROL DE SISTEMA (OCLC)
Identificador de la biblioteca OCLC DEBBG
Número de control de sistema BV017426857
035 ## - NÚMERO DE CONTROL DEL SISTEMA
Número de control de sistema (OCoLC)35646467
050 14 - SIGNATURA TOPOGRÁFICA DE LA BIBLIOTECA DEL CONGRESO
Número de clasificación SF 772.6
Número de ítem L123 1997
082 00 - NÚMERO DE LA CLASIFICACIÓN DECIMAL DEWEY
Número de clasificación 636.089/60756
Número de edición 20
049 ## - FONDOS LOCALES (OCLC)
Biblioteca depositaria GRAL
245 00 - MENCIÓN DEL TÍTULO
Título Laboratory procedures for veterinary technicians /
Mención de responsabilidad, etc. edited by Paul W. Pratt.
250 ## - MENCION DE EDICION
Mención de edición 3rd ed.
260 ## - PUBLICACIÓN, DISTRIBUCIÓN, ETC.
Lugar de publicación, distribución, etc. St. Louis, Mo. :
Nombre del editor, distribuidor, etc. Mosby,
Fecha de publicación, distribución, etc. c1997.
300 ## - DESCRIPCIÓN FÍSICA
Extensión ix, 660 p. :
Otras características físicas ill. (some col.) ;
Dimensiones 23 cm.
500 ## - NOTA GENERAL
Nota general "A Times Mirror Company"--T.p. verso.
504 ## - NOTA DE BIBLIOGRAFÍA, ETC.
Nota de bibliografía, etc. Includes bibliographical references and index.
650 #0 - PUNTO DE ACCESO ADICIONAL DE MATERIA--TÉRMINO DE MATERIA
Término de materia o nombre geográfico como elemento de entrada Veterinary clinical pathology
Subdivisión de forma Laboratory manuals.
650 #0 - PUNTO DE ACCESO ADICIONAL DE MATERIA--TÉRMINO DE MATERIA
Término de materia o nombre geográfico como elemento de entrada Veterinary medicine
Subdivisión de forma Laboratory manuals.
650 #6 - PUNTO DE ACCESO ADICIONAL DE MATERIA--TÉRMINO DE MATERIA
Término de materia o nombre geográfico como elemento de entrada Diagnostics biologiques en médecine vetérinaire
Subdivisión general Manuels de laboratoire.
650 #6 - PUNTO DE ACCESO ADICIONAL DE MATERIA--TÉRMINO DE MATERIA
Término de materia o nombre geográfico como elemento de entrada Médecine vetérinaire
Subdivisión general Manuels de laboratoire.
650 12 - PUNTO DE ACCESO ADICIONAL DE MATERIA--TÉRMINO DE MATERIA
Término de materia o nombre geográfico como elemento de entrada Laboratory Techniques and Procedures
Subdivisión general veterinary
Subdivisión de forma Laboratory Manuals.
650 22 - PUNTO DE ACCESO ADICIONAL DE MATERIA--TÉRMINO DE MATERIA
Término de materia o nombre geográfico como elemento de entrada Pathology, Veterinary
Subdivisión de forma Laboratory Manuals.
650 22 - PUNTO DE ACCESO ADICIONAL DE MATERIA--TÉRMINO DE MATERIA
Término de materia o nombre geográfico como elemento de entrada Veterinary Medicine
Subdivisión de forma Laboratory Manuals.
700 1# - ENTRADA AGREGADA--NOMBRE PERSONAL
Nombre de persona Pratt, Paul W.
938 ## -
-- Baker & Taylor
-- BKTY
-- 39.95
-- 39.95
-- 0815173261
-- 0002925143
-- active
938 ## -
-- Baker and Taylor
-- BTCP
-- 96043451
938 ## -
-- YBP Library Services
-- YANK
-- 1325397
942 ## - ELEMENTOS DE ENTRADA SECUNDARIOS (KOHA)
Fuente del sistema de clasificación o colocación Clasificación de Library of Congress
Tipo de ítem Koha
946 ## - PROCESAMIENTO DE INFORMACIÓN LOCAL (OCLC)
a PP
994 ## -
-- C0
-- DRFGD
Holdings
Estatus retirado Estado de pérdida Fuente del sistema de clasificación o colocación Estado de daño No para préstamo Colección Biblioteca de origen Biblioteca actual Ubicación en estantería Fecha de adquisición Signatura topográfica completa Código de barras Visto por última vez Copia número Tipo de ítem Koha
    Clasificación de Library of Congress     Agricultura Biblioteca Juan Bosch Biblioteca Juan Bosch Automatización y Procesos Técnicos (1er. Piso) 10/04/2023 SF 772.6 L123 1997 00000083577 21/01/2019 1